La inclusión educativa en números. Zona 7, Loja /

Detalles Bibliográficos
Autor principal: Arteaga Ortiz, Ana Cristina (Autor)
Formato: Electrónico eBook
Lenguaje:español
Publicado: Cuenca, Ecuador : Universidad del Azuay, Casa Editora, [2019]
Materias:
Acceso en línea:Digitalia Hispánica

MARC

LEADER 00000nam a2200000 i 4500
001 DIGUAZUAY0074
003 NyNyDIG
007 cr |||||||||||
008 251211s2019 ec ad ob 000 0 spa d
006 m o d
035 |a (OCoLC)1439004587 
040 |a DGITA  |b eng  |e rda  |e pn  |c DGITA 
020 |a 9789942822161  |q eBook 
020 |z 9789942822079 
043 |a s-ec--- 
050 1 4 |a LC1203.E39 ebook 
100 1 |a Arteaga Ortiz, Ana Cristina,  |e author. 
245 1 3 |a La inclusión educativa en números.  |n Zona 7,  |p Loja /  |c Ana Cristina Arteaga Ortiz [and 3 others]. 
246 3 0 |a Loja 
264 1 |a Cuenca, Ecuador :  |b Universidad del Azuay, Casa Editora,  |c [2019] 
300 |a 1 online resource :  |b illustrations, charts. 
336 |a text  |b txt  |2 rdacontent 
337 |a computer  |b c  |2 rdamedia 
338 |a online resource  |b cr  |2 rdacarrier 
347 |a text file  |2 rdaft 
347 |b PDF 
504 |a Includes bibliographical references. 
588 0 |a Online resource; title from PDF title page (Digitalia, viewed December 11, 2025) 
650 0 |a Inclusive education  |z Ecuador. 
650 0 |a Inclusive education  |z Ecuador  |v Statistics. 
650 0 |a Inclusive education  |z Ecuador  |x History  |y 21st century. 
791 2 |a Digitalia (Firm),  |e distributor. 
793 0 |g Digitalia eBook Collection:  |a Universidad del Azuay 
776 0 8 |i Print version:  |a Arteaga Ortiz, Ana Cristina.  |t Inclusión educativa en números. Zona 7, Loja.  |d Cuenca, Ecuador : Universidad del Azuay, Casa Editora, [2019]  |z 9789942822079 
856 4 0 |3 Digitalia Hispánica  |u https://www.digitaliapublishing.com/a/133457/ 
910 |a Premium collection: 2025